[Event "12th American Continental"]
[Site "Medellin COL"]
[Date "2017.06.11"]
[Round "3.92"]
[White "Soto,Miguel Angel"]
[Black "Sanchez Alvarez,Kelvin Antonio"]
[Result "1-0"]
[WhiteElo "2072"]
[BlackElo "2257"]

1.e4 c5 2.Nf3 d6 3.d4 cxd4 4.Nxd4 Nf6 5.Nc3 g6 6.Be3 Bg7 7.f3 O-O 8.Qd2 Nc6
9.g4 Nxd4 10.Bxd4 Be6 11.h4 Qa5 12.h5 Rfc8 13.a3 Rab8 14.hxg6 hxg6 15.Bd3 Bc4
16.O-O-O Bxd3 17.Qxd3 e6 18.Qb5 Qc7 19.Bxa7 Ra8 20.Bb6 Qe7 21.Qb4 Rc6 22.Bd4
Rac8 23.e5 Nd7 24.exd6 Qg5+ 25.Kb1 Rc4 26.Qxb7 Bxd4 27.Rxd4 Rxc3 28.Qxd7 Rxc2
29.Qb7 R8c5 30.Qe7 Rc1+ 31.Ka2 {#r} 1-0

[Event "12th American Continental"]
[Site "Medellin COL"]
[Date "2017.06.12"]
[Round "4.3"]
[White "Erenburg,S"]
[Black "Cordova,E"]
[Result "1-0"]
[WhiteElo "2550"]
[BlackElo "2651"]

1.e4 d5 2.exd5 Qxd5 3.Nf3 Nf6 4.d4 c6 5.Be2 Bg4 6.h3 Bh5 7.O-O e6 8.c4 Qd8
9.Nc3 Nbd7 10.Bf4 Nb6 11.g4 Bg6 12.Ne5 Nfd7 13.Nxg6 hxg6 14.c5 Nc8 15.Kg2 Be7
16.Qb3 b6 17.Bf3 bxc5 18.Bxc6 Nb6 19.dxc5 Bxc5 20.Rad1 Rc8 21.Qb5 Rxc6 22.Qxc6
Qc8 23.Qxc8+ Nxc8 24.Ne4 Be7 25.Rc1 Ncb6 26.Rc7 e5 27.Be3 f5 28.Nc3 e4 29.Rd1
{#r} 1-0

[Event "12th American Continental"]
[Site "Medellin COL"]
[Date "2017.06.12"]
[Round "4.5"]
[White "Fier,A"]
[Black "Kaidanov,G"]
[Result "1-0"]
[WhiteElo "2576"]
[BlackElo "2550"]

1.d4 d5 2.c4 e6 3.Nf3 Nf6 4.Nc3 c6 5.Bg5 dxc4 6.e4 b5 7.e5 h6 8.Bh4 g5 9.Nxg5
hxg5 10.Bxg5 Nbd7 11.exf6 Qa5 12.g3 Ba6 13.Qf3 b4 14.Ne4 O-O-O 15.Be2 c5
16.Nxc5 Bxc5 17.dxc5 Bb7 18.c6 Qxg5 19.cxb7+ Kb8 20.h4 Qe5 21.O-O-O c3 22.bxc3
bxc3 23.Kc2 Qa5 24.Bc4 Ne5 25.Qxc3 Qa4+ 26.Bb3 Qe4+ 27.Kb2 Rd3 28.Rhe1 Rxc3
29.Rxe4 Rc5 30.Ra4 Rc7 31.Re4 Nd7 32.Red4 Nxf6 33.Rd8+ Rxd8 34.Rxd8+ Kxb7
35.Bd1 Nd7 36.h5 f5 37.h6 Ne5 38.f4 Nc4+ 39.Kb3 Kb6 40.Rb8+ Ka5 41.Be2 Nd2+
42.Ka3 {#r} 1-0

[Event "12th American Continental"]
[Site "Medellin COL"]
[Date "2017.06.12"]
[Round "4.10"]
[White "Leiva,G"]
[Black "Kovalyov,A"]
[Result "0-1"]
[WhiteElo "2449"]
[BlackElo "2643"]

1.d4 Nf6 2.c4 e6 3.g3 d5 4.Nf3 Be7 5.Bg2 O-O 6.O-O c6 7.Qc2 b6 8.Bf4 Nbd7
9.Rd1 Bb7 10.Ne5 Nh5 11.Bd2 Nhf6 12.Bf4 Nh5 13.Bd2 f5 14.Bc3 Nhf6 15.Nd2 a5
16.Ndf3 Bd6 17.b3 Ne4 18.Bb2 Rc8 19.Nxd7 Qxd7 20.Ne5 Qe7 21.f3 Nf6 22.e3 c5
23.Qf2 cxd4 24.exd4 Rc7 25.Bf1 Rfc8 26.Re1 Nd7 27.Nxd7 Qxd7 28.Rac1 Kf7 29.Rc2
dxc4 30.bxc4 b5 31.c5 Bd5 32.a4 bxa4 33.Ba6 Be7 34.Bxc8 Rxc8 35.Bc3 a3 36.Bd2
Qa4 37.Bf4 Bf6 38.Be5 Bxe5 39.dxe5 Qb3 40.Rcc1 a2 41.Re2 Qa3 42.Ra1 Rxc5 {#R}
0-1

[Event "12th American Continental"]
[Site "Medellin COL"]
[Date "2017.06.12"]
[Round "4.11"]
[White "Cori,J"]
[Black "Martinez Romero,M"]
[Result "1-0"]
[WhiteElo "2618"]
[BlackElo "2427"]

1.d4 Nf6 2.Nf3 g6 3.c3 Bg7 4.Bf4 O-O 5.e3 d6 6.h3 b6 7.Nbd2 Bb7 8.Bh2 Nbd7
9.a4 Ne4 10.Nxe4 Bxe4 11.Ba6 c5 12.O-O Qc7 13.Qe2 Bb7 14.Bd3 Rac8 15.Rfd1 c4
16.Bc2 a6 17.e4 b5 18.Bf4 e5 19.Be3 h6 20.Qd2 Nf6 21.Bxh6 Nxe4 22.Qe3 exd4
23.Nxd4 Rce8 24.Bxg7 Kxg7 25.axb5 axb5 26.Ra7 Qb8 27.Ra5 b4 28.cxb4 d5 29.Nf3
Nf6 30.Qc3 Qf4 31.Rb5 Ba8 32.Rb6 Re6 33.Rxe6 fxe6 34.Re1 Re8 35.b5 {#r} 1-0

[Event "12th American Continental"]
[Site "Medellin COL"]
[Date "2017.06.12"]
[Round "4.12"]
[White "Sevian,Samuel"]
[Black "Vazquez,Guillermo"]
[Result "1-0"]
[WhiteElo "2601"]
[BlackElo "2443"]

1.e4 c5 2.Nf3 d6 3.d4 cxd4 4.Nxd4 Nf6 5.Nc3 a6 6.Be3 e5 7.Nb3 Be6 8.f3 Be7
9.Qd2 O-O 10.O-O-O Nbd7 11.g4 b5 12.Rg1 Nb6 13.Na5 Rc8 14.g5 Nh5 15.Kb1 g6
16.h4 Qc7 17.Nd5 Nxd5 18.exd5 Bd7 19.c4 Bd8 20.Nc6 Bxc6 21.dxc6 Qxc6 22.cxb5
axb5 23.Rc1 Qb7 24.Rxc8 Qxc8 25.Qxd6 Bc7 26.Qc6 b4 27.Ba6 Qa8 28.Rc1 {#r} 1-0

[Event "12th American Continental"]
[Site "Medellin COL"]
[Date "2017.06.12"]
[Round "4.15"]
[White "Shabalov,A"]
[Black "Sanchez L,S"]
[Result "1-0"]
[WhiteElo "2556"]
[BlackElo "2388"]

1.e4 e6 2.d4 d5 3.Nc3 dxe4 4.Nxe4 Nd7 5.Nf3 Ngf6 6.Nxf6+ Nxf6 7.Be3 Bd6 8.Bd3
b6 9.Ne5 O-O 10.Qf3 Nd5 11.Bd2 Bb7 12.O-O-O Qh4 13.Rhe1 f5 14.Nc4 Qxd4 15.Rxe6
Bc5 16.Rf1 Nb4 17.Qe2 Nxd3+ 18.cxd3 Bxg2 19.Rg1 Bd5 20.Be3 Qh4 21.Bxc5 Bxc4
22.Qe5 Rf7 {#r} 1-0

[Event "12th American Continental"]
[Site "Medellin COL"]
[Date "2017.06.12"]
[Round "4.17"]
[White "Mekhitarian,K"]
[Black "Fernandez,Li"]
[Result "1-0"]
[WhiteElo "2542"]
[BlackElo "2402"]

1.e4 c5 2.Nf3 d6 3.d4 cxd4 4.Nxd4 Nf6 5.Nc3 a6 6.Be3 Ng4 7.Bg5 h6 8.Bc1 Nc6
9.Be2 Qb6 10.Bxg4 Qxd4 11.O-O Qxd1 12.Bxd1 e6 13.Na4 Be7 14.Nb6 Rb8 15.c3 Ne5
16.Be2 Bd8 17.Be3 Bc7 18.a4 Nd7 19.Nxc8 Rxc8 20.Rfd1 Ke7 21.a5 Ne5 22.f4 Nc6
23.b4 Rhd8 24.Kf1 Kf8 25.g3 Ne7 26.c4 Rd7 27.b5 Ra8 28.b6 Bd8 29.Bc5 Nc6 30.e5
Be7 31.exd6 Bf6 32.Ra4 Rc8 33.Bf3 Bc3 34.Bxc6 Rxc6 35.Ba3 Ke8 36.Rd3 Bf6 37.c5
Rd8 38.g4 Kd7 39.Ke2 Rcc8 40.Re4 Rh8 41.Rf3 g6 42.Kd3 h5 43.f5 exf5 44.gxf5 g5
45.Rfe3 Kc6 46.Kc4 Rcd8 47.Bb4 {#r} 1-0

[Event "12th American Continental"]
[Site "Medellin COL"]
[Date "2017.06.12"]
[Round "4.21"]
[White "Henao,Bernardo Andres"]
[Black "Arenas,D"]
[Result "1-0"]
[WhiteElo "2059"]
[BlackElo "2488"]

1.d4 g6 2.c4 Bg7 3.Nc3 d6 4.e4 e5 5.dxe5 dxe5 6.Qxd8+ Kxd8 7.Be3 Be6 8.O-O-O+
Kc8 9.Nf3 h6 10.Nd2 Ne7 11.Be2 Nd7 12.Nb3 Nc6 13.Rd2 f5 14.f3 h5 15.Rhd1 f4
16.Bf2 g5 17.h3 Bh6 18.Na4 Nb6 19.Nbc5 Bf7 20.b3 Bf8 21.Nb2 Nd4 22.Ncd3 Nd7
23.Nxe5 Nxe2+ 24.Kc2 Bb4 25.Rxd7 Be6 26.Rg7 b6 27.Nbd3 a5 28.c5 b5 29.Re7 Ra6
30.a3 Bxa3 31.Ra1 b4 32.c6 Bxb3+ 33.Kxb3 a4+ 34.Kc4 Nc1 35.Nxb4 {#r} 1-0

[Event "12th American Continental"]
[Site "Medellin COL"]
[Date "2017.06.12"]
[Round "4.22"]
[White "Cardoso Cardoso,Jose Gabriel"]
[Black "Tang,Andrew"]
[Result "0-1"]
[WhiteElo "2134"]
[BlackElo "2461"]

1.d4 d5 2.c4 e6 3.Nf3 Be7 4.Nc3 Nf6 5.Bf4 O-O 6.e3 Nbd7 7.c5 Ne4 8.Rc1 Nxc3
9.Rxc3 b6 10.c6 Nf6 11.a3 a5 12.Rc2 Ne4 13.Bd3 Ba6 14.Ne5 Bd6 15.Nd7 Re8
16.Bxd6 Nxd6 17.Bxa6 Rxa6 18.Qd3 Ra8 19.O-O a4 20.f3 Ra5 21.Re1 Rb5 22.e4 Qa8
23.Qd2 Qa5 24.Qxa5 Rxa5 25.Ne5 Rd8 26.Rd2 Rb5 27.Nd3 dxe4 28.fxe4 Nc4 29.Rc2
Rxd4 30.Nb4 Rc5 31.Rec1 b5 32.Re1 Kf8 33.Kf2 Ke7 34.Re3 Re5 35.Rg3 Rdxe4
36.Rxg7 Rf5+ 37.Kg3 Ne3 {#R} 0-1

[Event "12th American Continental"]
[Site "Medellin COL"]
[Date "2017.06.12"]
[Round "4.28"]
[White "Panesso Rivera,H"]
[Black "Castaneda,J"]
[Result "1-0"]
[WhiteElo "2421"]
[BlackElo "2195"]

1.d4 Nf6 2.c4 e6 3.Nf3 d5 4.Nc3 Bb4 5.Qa4+ Nc6 6.cxd5 exd5 7.Ne5 Bd7 8.Nxc6
Bxc3+ 9.bxc3 Bxc6 10.Qa3 Ne4 11.Bf4 Qf6 12.g3 g5 13.Be3 Qe6 14.Qc1 f6 15.f3
Nd6 16.h4 g4 17.fxg4 O-O-O 18.g5 Rde8 19.Bf4 Bb5 20.Bh3 f5 21.Be5 Rhf8 22.Qf4
Nc4 23.O-O Nxe5 24.dxe5 Bd7 25.g4 Qxe5 26.gxf5 Qxc3 27.Rac1 Qe3+ 28.Rf2 Qxf4
29.Rxf4 Rxe2 30.Rcf1 Rg8 31.Bg2 Rd2 32.f6 Bb5 33.Re1 Rf8 34.h5 Bd3 35.Bh3+ Kd8
36.Re7 Rg8 37.Rd7+ {#r} 1-0

[Event "12th American Continental"]
[Site "Medellin COL"]
[Date "2017.06.12"]
[Round "4.30"]
[White "Duran Vega,S"]
[Black "Madeira,W"]
[Result "1-0"]
[WhiteElo "2408"]
[BlackElo "2185"]

1.d4 g6 2.c4 Bg7 3.e4 d6 4.Nc3 Nf6 5.Bd3 O-O 6.Nge2 Nc6 7.O-O e5 8.d5 Ne7 9.f3
Nd7 10.Be3 f5 11.b4 Nf6 12.Rc1 f4 13.Bf2 g5 14.c5 g4 15.cxd6 cxd6 16.Nb5 gxf3
17.gxf3 Bh3 18.Nc7 Rc8 19.Ne6 Qe8 20.Nxf8 Qh5 21.Rxc8 Nxc8 22.Ne6 Qg6+ 23.Bg3
Nh5 24.Kf2 Bxf1 25.Qxf1 fxg3+ 26.hxg3 Bh6 27.Qh3 Nb6 28.Nd8 Bd2 29.a3 Ng7
30.Qg4 Qf6 31.Nxb7 Qh6 32.Kg2 Qe3 33.Bb5 h5 34.Qh3 Qxa3 35.Bd7 Qe3 36.Be6+ Kh7
37.Ng1 Bxb4 38.Bf5+ Kh6 39.Nd8 Ne8 40.Nf7+ Kg7 41.Qxh5 Bc5 42.Qg6+ Kf8 43.Ng5
Qxg1+ 44.Kh3 {#r} 1-0

[Event "12th American Continental"]
[Site "Medellin COL"]
[Date "2017.06.12"]
[Round "4.32"]
[White "Panjwani,R"]
[Black "Montilla,J"]
[Result "1-0"]
[WhiteElo "2404"]
[BlackElo "2161"]

1.d4 d5 2.c4 c6 3.Nf3 Nf6 4.e3 e6 5.b3 Nbd7 6.Bb2 Bd6 7.Bd3 O-O 8.O-O Qe7
9.Ne5 c5 10.Qf3 cxd4 11.exd4 dxc4 12.bxc4 Rd8 13.Nd2 Nf8 14.Qh3 Ng6 15.f4 Qc7
16.g4 Bxe5 17.fxe5 Nd7 18.Ne4 Rf8 19.Ng5 h6 20.Nxf7 Ndxe5 21.dxe5 Qb6+ 22.Kh1
Bd7 23.Bxg6 Bc6+ 24.Rf3 Qxb2 25.Rf1 Rac8 26.Kg1 Bxf3 27.Qxf3 Qd4+ 28.Kh1 Qxc4
29.g5 Qc6 30.Be4 Qc3 31.Qh5 Rc7 32.Nxh6+ gxh6 33.Qg6+ Rg7 34.Qxe6+ Rgf7 35.g6
{#r} 1-0

[Event "12th American Continental"]
[Site "Medellin COL"]
[Date "2017.06.12"]
[Round "4.33"]
[White "Prasca Sosa,R"]
[Black "Valle,E"]
[Result "1-0"]
[WhiteElo "2400"]
[BlackElo "2155"]

1.e4 c5 2.Nf3 e6 3.Nc3 a6 4.d4 cxd4 5.Nxd4 Qc7 6.g3 Nc6 7.Bg2 Nf6 8.O-O Bc5
9.Nf3 Ng4 10.Na4 Ba7 11.Bf4 Nge5 12.c4 d6 13.c5 dxc5 14.Nxe5 Nxe5 15.Qh5 Bb8
16.Nxc5 O-O 17.Nd3 f6 18.Rac1 Qf7 19.Qxf7+ Nxf7 20.Bxb8 Rxb8 21.e5 Bd7 22.exf6
gxf6 23.Nc5 Bc8 24.Rfe1 Re8 25.Ne4 Kg7 26.Rc7 Kg6 27.h4 h5 28.Rxf7 Kxf7
29.Nd6+ Ke7 30.Nxe8 Kxe8 31.Bf3 Bd7 32.Bxh5+ Ke7 33.Bf3 b6 34.Rc1 Kd6 35.Be2
a5 36.f3 e5 37.Kf2 Rh8 38.Rd1+ Ke7 39.Ke3 Rg8 40.g4 Rh8 41.h5 Be6 42.a3 Bd7
43.f4 exf4+ 44.Kxf4 Be6 45.Rc1 Kd6 46.Bf3 Bd7 47.Rd1+ Ke7 48.Be4 Ba4 49.Rd4
Bc6 50.Bf5 {#r} 1-0

[Event "12th American Continental"]
[Site "Medellin COL"]
[Date "2017.06.12"]
[Round "4.35"]
[White "Ynojosa,F"]
[Black "Garcia,Alv COL"]
[Result "1-0"]
[WhiteElo "2395"]
[BlackElo "2152"]

1.c4 e6 2.Nc3 f5 3.d4 Nf6 4.Nf3 d5 5.Bf4 c6 6.e3 Be7 7.Be2 O-O 8.O-O Nbd7
9.Ng5 Nb6 10.c5 h6 11.Nh3 Nbd7 12.Bg3 g5 13.f3 Rf7 14.e4 f4 15.Bf2 Nf8 16.e5
Nh5 17.b4 Ng7 18.Bd3 Bd7 19.g3 Nh5 20.Be1 b6 21.Ne2 a5 22.a3 axb4 23.axb4 Rxa1
24.Qxa1 Be8 25.Bd2 fxg3 26.hxg3 Ng7 27.g4 bxc5 28.bxc5 h5 29.Qb1 hxg4 30.fxg4
Rxf1+ 31.Kxf1 Bf7 32.Kg2 Qe8 33.Bxg5 Bxg5 {#r} 1-0

[Event "12th American Continental"]
[Site "Medellin COL"]
[Date "2017.06.12"]
[Round "4.36"]
[White "Leon,Orlando"]
[Black "Mosquera,M"]
[Result "0-1"]
[WhiteElo "2167"]
[BlackElo "2391"]

1.e4 Nf6 2.Nc3 d5 3.exd5 Nxd5 4.Bc4 Nb6 5.Bb3 Nc6 6.Nf3 g6 7.a4 a5 8.d4 Bg7
9.Nb5 Na7 10.Na3 O-O 11.O-O Nd5 12.Bg5 h6 13.Bh4 b6 14.Re1 g5 15.Bg3 Bb7
16.Ne5 e6 17.c3 Nc6 18.Nac4 Nce7 19.Bc2 f5 20.f3 Qe8 21.Na3 Rd8 22.Qe2 Rf6
23.Nec4 Ng6 24.Be5 Ndf4 25.Qf1 Nxe5 26.dxe5 Rf7 27.Rad1 Rfd7 28.Rxd7 Rxd7
29.Rd1 Bf8 30.Rxd7 Qxd7 31.Qd1 Bc5+ 32.Kf1 Qxd1+ 33.Bxd1 Ba6 34.Bb3 Bxa3
35.bxa3 Kf7 36.Kf2 Nd3+ 37.Ke3 Bxc4 38.Bxc4 Nxe5 39.Be2 Nd7 40.g3 Kf6 41.Kd4
c6 42.f4 g4 43.Bf1 Ke7 44.Bd3 Kd6 {#R} 0-1

[Event "12th American Continental"]
[Site "Medellin COL"]
[Date "2017.06.12"]
[Round "4.40"]
[White "Saladen,R"]
[Black "Baules,J"]
[Result "0-1"]
[WhiteElo "2155"]
[BlackElo "2355"]

1.e4 c5 2.Nf3 d6 3.d4 cxd4 4.Nxd4 Nf6 5.f3 e5 6.Bb5+ Bd7 7.Bxd7+ Qxd7 8.Nf5 g6
9.Bg5 gxf5 10.Bxf6 Rg8 11.Qe2 Nc6 12.c3 Qe6 13.Bh4 Qh6 14.g3 Qc1+ 15.Qd1 Qxb2
16.Nd2 Bh6 17.f4 exf4 18.Rb1 Qxc3 19.Rb3 Qc5 20.exf5 Kf8 21.g4 Nd4 22.Bf2 Re8+
23.Kf1 Qc6 24.Bxd4 Qxh1+ 25.Bg1 Qd5 26.h4 f3 27.g5 Re2 28.Qc1 Qxd2 29.Qxd2
Rxd2 30.Rxb7 Bxg5 31.hxg5 Rxg5 {#R} 0-1

[Event "12th American Continental"]
[Site "Medellin COL"]
[Date "2017.06.12"]
[Round "4.41"]
[White "Oussedik,E"]
[Black "Aranha Filho,A"]
[Result "0-1"]
[WhiteElo "2155"]
[BlackElo "2355"]

1.d4 Nf6 2.c4 e6 3.Nf3 b6 4.g3 Bb7 5.Bg2 Be7 6.O-O O-O 7.Re1 Na6 8.Ne5 d5
9.Nc3 Ne4 10.Be3 Nxc3 11.bxc3 Qc8 12.cxd5 exd5 13.Qa4 Nb8 14.Rac1 Bd6 15.Nd3
c5 16.Bf4 Be7 17.dxc5 bxc5 18.Red1 Nd7 19.Bh3 f5 20.Bg2 Nb6 21.Qc2 Bc6 22.Ne5
Ba4 23.Bxd5+ Kh8 24.Bb3 Be8 25.c4 Qe6 26.Nf3 a5 27.a3 Bc6 28.Qd2 Rab8 29.Rc3
a4 30.Ba2 Rfd8 31.Qc2 Be4 32.Qc1 Rxd1+ 33.Qxd1 Rd8 34.Qc1 Bf6 35.Ng5 Bxg5
36.Bxg5 Rd7 37.Bf4 h6 38.h4 g5 39.hxg5 hxg5 40.Bxg5 Qd6 41.Qe1 Qg6 42.Bf4 Qh5
43.f3 Rh7 44.Kf2 Qh2+ 45.Ke3 Bb7 46.Kd2 Ba6 {#R} 0-1

[Event "12th American Continental"]
[Site "Medellin COL"]
[Date "2017.06.12"]
[Round "4.44"]
[White "Montenegro,Ju"]
[Black "Escalante Ramirez,Brian Sebasti"]
[Result "0-1"]
[WhiteElo "2146"]
[BlackElo "2338"]

1.e4 e6 2.d3 d5 3.Nd2 c5 4.Ngf3 Nc6 5.g3 g6 6.Bg2 Bg7 7.O-O Nge7 8.Re1 h6 9.h4
b6 10.c3 Qc7 11.Qe2 Ba6 12.exd5 Nxd5 13.Nc4 Rd8 14.a4 O-O 15.Bd2 Rfe8 16.Rad1
e5 17.Bc1 Bc8 18.d4 cxd4 19.Nxd4 exd4 20.Qxe8+ Rxe8 21.Rxe8+ Kh7 22.Bxd5 Qd7
23.Rxc8 Qxc8 24.Kg2 Ne7 25.Bxf7 Qc6+ 26.f3 Qf6 27.Be8 Qe6 {#R} 0-1

[Event "12th American Continental"]
[Site "Medellin COL"]
[Date "2017.06.12"]
[Round "4.46"]
[White "Mendoza,Raf"]
[Black "Aponte Castillo,E"]
[Result "1-0"]
[WhiteElo "2293"]
[BlackElo "2108"]

1.c4 f5 2.Nf3 Nf6 3.Nc3 g6 4.g3 Bg7 5.Bg2 O-O 6.O-O d6 7.d4 c6 8.Qc2 Qc7 9.e4
e5 10.dxe5 dxe5 11.b3 f4 12.Ba3 Re8 13.Rad1 Nh5 14.Bd6 Qf7 15.Rd3 Bf6 16.Nd2
Na6 17.a3 Nc7 18.c5 Ne6 19.Nf3 Ng5 20.Nxg5 Bxg5 21.Nb1 Bf6 22.Nd2 g5 23.Nc4
Ng7 24.Rfd1 h5 25.Qc3 h4 26.gxf4 gxf4 27.Kh1 Bg4 28.Rg1 Be2 29.Rd2 Bxc4
30.bxc4 Kh8 31.Bh3 Qh5 32.Bg4 Qh7 33.Qf3 Rg8 34.Rdd1 Rae8 35.Rg2 Ne6 36.Bf5
Qf7 37.Rxg8+ Kxg8 38.Rg1+ Ng5 39.Qg4 h3 40.Qxh3 Qg7 41.Qh5 {#r} 1-0

[Event "12th American Continental"]
[Site "Medellin COL"]
[Date "2017.06.12"]
[Round "4.52"]
[White "Ramirez Gonzalez,Mauricio"]
[Black "Solano Cuya,Bryan"]
[Result "1-0"]
[WhiteElo "2108"]
[BlackElo "2246"]

1.e4 c5 2.c3 b6 3.d4 Bb7 4.Bd3 Nf6 5.d5 c4 6.Bc2 g6 7.Na3 Qc8 8.Qd4 Ba6 9.e5
Nxd5 10.Be4 e6 11.Bxd5 Bc5 12.Qf4 exd5 13.Qf6 Rg8 14.Qh4 h5 15.Nf3 Nc6 16.Bg5
Ne7 17.Nc2 Nf5 18.Qf4 Ng7 19.Bf6 Ne6 20.Qh6 Qb7 21.O-O Be7 22.Bxe7 Kxe7
23.Rad1 Bb5 24.Nfd4 Bc6 25.f4 Rh8 26.Nf5+ gxf5 27.Qf6+ Ke8 28.Qxh8+ Nf8 29.Nd4
{#r} 1-0

[Event "12th American Continental"]
[Site "Medellin COL"]
[Date "2017.06.12"]
[Round "4.54"]
[White "Saltos Velez,A"]
[Black "Pazos Gambarrotti,P"]
[Result "1-0"]
[WhiteElo "2099"]
[BlackElo "2232"]

1.g3 d5 2.Bg2 Nf6 3.c4 e6 4.Nf3 Be7 5.O-O O-O 6.d3 c5 7.Bf4 Nc6 8.Qc2 b6 9.a3
Bb7 10.Nc3 d4 11.Na4 Bd6 12.Bd2 Qe7 13.e3 e5 14.e4 Ne8 15.Nh4 g6 16.Bh6 Ng7
17.Qd2 Bc8 18.f4 f6 19.f5 g5 20.Nf3 Bd7 21.b3 Qe8 22.Nxg5 Na5 23.Rab1 Nxb3
24.Rxb3 Bxa4 25.Bxg7 Kxg7 26.Ne6+ Kh8 27.Qh6 Rf7 28.Rb2 Bf8 29.Qh4 Bd7 30.Nc7
Rb8 31.Nxe8 {#r} 1-0

[Event "12th American Continental"]
[Site "Medellin COL"]
[Date "2017.06.12"]
[Round "4.56"]
[White "Alzate,D"]
[Black "Chang,S"]
[Result "1-0"]
[WhiteElo "2362"]
[BlackElo "2127"]

1.e4 c5 2.Nf3 e6 3.d4 cxd4 4.Nxd4 Nc6 5.Nc3 Qc7 6.g3 a6 7.Bg2 Nf6 8.O-O h5
9.Nf3 Ng4 10.Bf4 d6 11.Qe2 Be7 12.Rad1 Bd7 13.Rd2 Nce5 14.h3 Nf6 15.Nxe5 dxe5
16.Bg5 O-O-O 17.Rfd1 Bc6 18.Rxd8+ Bxd8 19.Bf3 g6 20.Rxd8+ {#r} 1-0

[Event "12th American Continental"]
[Site "Medellin COL"]
[Date "2017.06.12"]
[Round "4.57"]
[White "Hernandez Montes,Jhon Sebastian"]
[Black "Okamura,M"]
[Result "1-0"]
[WhiteElo "2292"]
[BlackElo "2085"]

1.e4 e5 2.Nf3 Nc6 3.Bb5 a6 4.Ba4 Nf6 5.d3 d6 6.c3 Be7 7.O-O O-O 8.Bg5 h6 9.Bh4
b5 10.Bc2 Bb7 11.Nbd2 Nb8 12.Re1 Nbd7 13.d4 Re8 14.Bg3 Bf8 15.b3 g6 16.a4 Bg7
17.b4 Nh5 18.Nb3 Rb8 19.d5 Nxg3 20.hxg3 Nb6 21.axb5 axb5 22.Na5 Ba8 23.Bd3 Qd7
24.Qd2 Nc8 25.Rec1 Ne7 26.c4 bxc4 27.Bxc4 c6 28.dxc6 Nxc6 29.Nxc6 Bxc6 30.Ra6
Bxe4 31.Rxd6 Qf5 32.Rd7 Rf8 33.Ra1 Rbc8 34.Nh4 Qf6 35.Qe2 Bc6 36.Ra6 Qg5
37.Rd1 Kh7 38.b5 Bb7 39.Ra7 Qe7 40.Bd5 Rc7 41.b6 Rd7 42.Be4 Rfd8 43.Rxd7 Rxd7
44.Bxb7 Rxb7 45.Qa6 {#r} 1-0

[Event "12th American Continental"]
[Site "Medellin COL"]
[Date "2017.06.12"]
[Round "4.59"]
[White "Cifuentes,J"]
[Black "Sanchez,Jor"]
[Result "1-0"]
[WhiteElo "2266"]
[BlackElo "2092"]

1.e4 e5 2.Nf3 Nc6 3.Bb5 a6 4.Ba4 Nf6 5.d3 b5 6.Bb3 Be7 7.O-O O-O 8.Re1 d6 9.c3
Na5 10.Bc2 c5 11.Nbd2 Re8 12.Nf1 Bf8 13.h3 Nc6 14.Ng3 h6 15.d4 Qc7 16.a4 Rb8
17.d5 Ne7 18.axb5 axb5 19.Nh2 Ng6 20.Bd3 c4 21.Bc2 Nd7 22.Be3 Nc5 23.Nf5 Nf4
24.Bxf4 exf4 25.Qf3 Bxf5 26.exf5 Rxe1+ 27.Rxe1 b4 28.Qxf4 bxc3 29.bxc3 Rb2
30.f6 Rb8 31.fxg7 Bxg7 32.Qxc4 Qa5 33.Re3 Qa1+ 34.Nf1 Qc1 35.Bf5 Bf6 36.Qf4
{#r} 1-0

[Event "12th American Continental"]
[Site "Medellin COL"]
[Date "2017.06.12"]
[Round "4.61"]
[White "Buitrago,J"]
[Black "Estrada Nieto,J"]
[Result "0-1"]
[WhiteElo "2035"]
[BlackElo "2263"]

1.d4 d5 2.c4 dxc4 3.Nf3 Nf6 4.e3 e6 5.Bxc4 a6 6.O-O b5 7.Bb3 Bb7 8.Nc3 c5
9.Qe2 Nbd7 10.Rd1 Qb8 11.e4 cxd4 12.Nxd4 Bd6 13.e5 Bxe5 14.Nxe6 fxe6 15.Bxe6
Bxh2+ 16.Kh1 Qe5 17.Bxd7+ Nxd7 18.Qg4 Nf6 19.Qh3 O-O 20.Qxh2 Qxh2+ 21.Kxh2 b4
22.Na4 Ng4+ 23.Kg3 Nxf2 24.Rd4 Ne4+ 25.Kh2 a5 26.Be3 Rac8 27.Rc1 Rxc1 28.Bxc1
h6 29.Be3 Rc8 30.Nb6 Rc2 31.Nc4 Nf6 32.Nxa5 Rxg2+ 33.Kh3 Re2 34.Rd8+ Kh7
35.Bd4 Bg2+ 36.Kg3 Nh5+ 37.Kh4 Bf1 {#R} 0-1

[Event "12th American Continental"]
[Site "Medellin COL"]
[Date "2017.06.12"]
[Round "4.64"]
[White "Del Castilho,M"]
[Black "Pachon,A"]
[Result "1-0"]
[WhiteElo "2254"]
[BlackElo "2006"]

1.e4 b6 2.d4 Bb7 3.Bd3 e6 4.Nf3 c5 5.Nc3 cxd4 6.Nxd4 Bb4 7.O-O Bxc3 8.bxc3 Ne7
9.Nb5 O-O 10.Nd6 Qc7 11.Nxb7 Qxb7 12.Ba3 Re8 13.c4 Nbc6 14.f4 Rac8 15.Qe2 Qc7
16.e5 Na5 17.Bd6 Qc6 18.c5 Nf5 19.Kh1 Nxd6 20.cxd6 Nc4 21.Rf3 h6 22.Rg3 Kh8
23.Qg4 Rg8 24.Rh3 Nb2 25.Qg5 {#r} 1-0

[Event "12th American Continental"]
[Site "Medellin COL"]
[Date "2017.06.13"]
[Round "5.3"]
[White "Cuartas,Ja"]
[Black "Bachmann,Ax"]
[Result "0-1"]
[WhiteElo "2492"]
[BlackElo "2653"]

1.e4 c5 2.d4 cxd4 3.c3 dxc3 4.Nxc3 Nc6 5.Nf3 e6 6.Bc4 a6 7.O-O Nge7 8.Bg5 f6
9.Be3 b5 10.Bb3 Na5 11.Bc2 Ng6 12.h4 Be7 13.h5 Ne5 14.Nxe5 fxe5 15.Qf3 Nc4
16.Bc1 Bb7 17.a4 Bc6 18.b3 Nd6 19.Qg3 b4 20.Na2 O-O 21.Bb2 Nf7 22.f4 Bh4
23.Qh3 Bf6 24.Qd3 Be7 25.Qg3 a5 26.Rad1 Bh4 27.Qh3 Qe7 28.Kh1 exf4 29.Rxf4 Bg5
30.Qg3 Nh6 31.Rxf8+ Rxf8 32.Be5 Bh4 33.Bd6 Bxg3 34.Bxe7 Rf2 35.Bb1 Ng4 36.Nc1
Ne3 37.Rg1 Rf7 38.Bc5 Rf4 39.Be7 Ng4 40.Nd3 Bxe4 41.Rc1 Bxd3 42.Bxd3 Nf2+
43.Kg1 Nxd3 44.Rc8+ Kf7 45.Bd6 e5 {#R} 0-1

[Event "12th American Continental"]
[Site "Medellin COL"]
[Date "2017.06.13"]
[Round "5.5"]
[White "Bruzon Batista,L"]
[Black "Vasquez Schroeder,R"]
[Result "1-0"]
[WhiteElo "2650"]
[BlackElo "2553"]

1.e4 c5 2.Nf3 d6 3.c3 Nf6 4.h3 g6 5.Bd3 Bg7 6.Bc2 Nc6 7.d4 cxd4 8.cxd4 d5 9.e5
Ne4 10.O-O O-O 11.Be3 Bf5 12.Nh4 Be6 13.Nd2 Nxd2 14.Qxd2 Qa5 15.Qd1 f5 16.f4
Bd7 17.g4 e6 18.Ng2 Rac8 19.Bd2 Qb6 20.Bc3 Na5 21.Kh2 Nc4 22.Rb1 Qc7 23.Bd3
Rf7 24.Rf3 Qd8 25.Rg3 Be8 26.Qe2 Kh8 27.Rg1 Na5 28.gxf5 gxf5 29.Ne3 Nc6 30.Qg2
Rcc7 31.Bxf5 exf5 32.Nxd5 Qxd5 {#r} 1-0

[Event "12th American Continental"]
[Site "Medellin COL"]
[Date "2017.06.13"]
[Round "5.6"]
[White "Kovalyov,A"]
[Black "Gonzalez,Be CRC"]
[Result "1-0"]
[WhiteElo "2643"]
[BlackElo "2494"]

1.c4 c6 2.d4 d5 3.Nf3 Nf6 4.e3 Bf5 5.Nc3 e6 6.Nh4 Be4 7.f3 Bg6 8.Qb3 Qc7 9.Bd2
Be7 10.g3 a6 11.Rc1 dxc4 12.Qxc4 b5 13.Qe2 Nbd7 14.Nxg6 hxg6 15.f4 Rd8 16.Bg2
c5 17.e4 Qb8 18.d5 e5 19.b3 Nh5 20.O-O c4 21.Be3 exf4 22.gxf4 b4 23.Na4 g5
24.e5 gxf4 25.Bd4 c3 26.Bf3 Nf8 27.Bxh5 Rxd5 28.Rxf4 g6 29.Qc4 Ne6 30.Qc6+ Rd7
31.Rxf7 Rxh5 32.Qxe6 Rg5+ 33.Kf2 Qd8 34.Rf4 Rc7 35.Nb6 {#r} 1-0

[Event "12th American Continental"]
[Site "Medellin COL"]
[Date "2017.06.13"]
[Round "5.13"]
[White "Pichot,A"]
[Black "Umetsubo,C"]
[Result "1-0"]
[WhiteElo "2577"]
[BlackElo "2381"]

1.e4 e5 2.Nf3 Nf6 3.Nxe5 d6 4.Nf3 Nxe4 5.d4 d5 6.Bd3 Nc6 7.O-O Be7 8.c4 Nb4
9.Be2 O-O 10.Nc3 Bf5 11.a3 Nxc3 12.bxc3 Nc6 13.Re1 Re8 14.Ra2 dxc4 15.Bxc4 Na5
16.Bxf7+ Kxf7 17.Rae2 Bd7 18.Re5 Nc6 19.Qb3+ Kf8 20.a4 h6 21.R1e4 a5 22.Ba3 g6
23.Rf4+ Bf5 24.Rexf5+ gxf5 25.Rxf5+ Kg7 26.Rf7+ Kg6 27.Qe6+ Bf6 28.Nh4+ Kh5
29.Qf5+ Bg5 30.Qf3+ Kxh4 31.Qh3# 1-0